| 000 | 00982nam a22003017a 4500 | ||
|---|---|---|---|
| 003 | CHAP | ||
| 005 | 20220329135913.0 | ||
| 008 | 971013s1983 co r 00010 eng d | ||
| 010 | _a43919 | ||
| 011 | _a44891 | ||
| 035 | _a49030 | ||
| 040 | _cCHAP | ||
| 082 | 0 | 4 |
_a581.55724 _bS4 |
| 100 | 0 | 0 |
_aSaif, S. R. _ecomp. _9101210 |
| 245 | 1 | _aBibliography on vesicular-arbuscular mycorrhizae, (1970-1982) | |
| 260 |
_aCali, Colombia : _bCIAT, _c1983 |
||
| 300 | _a143 p. | ||
| 590 |
_aBATCH-UPD _b10 _c20130110 _lUCH01 _h2211 |
||
| 590 |
_aBATCH-UPD _b10 _c20130410 _lUCH01 _h1514 |
||
| 590 |
_aBATCH-UPD _b10 _c20130914 _lUCH01 _h1019 |
||
| 590 |
_aCONVERSION _b10 _c20130109 _lUCH01 _h1324 |
||
| 650 | 1 | 4 |
_aMicorriza _xBibliografía. _975487 |
| 710 | 0 |
_aCentro Internacional de Agricultura Tropical. _921185 |
|
| 901 | _aBK | ||
| 942 | _cLIBRO | ||
| 949 |
_a581.55724 S4 _bBC _cC _d33724000524799 _eC _h61822 _i49030 _si |
||
| 949 |
_a581.55724 S4 _bBC _cC _d33724000524807 _eC _fc.2 _h68378 _i49030 _si |
||
| 999 |
_c43919 _d43919 |
||